| 000 | 00929cam a2200289 a 4500 | ||
|---|---|---|---|
| 001 | 93600 | ||
| 005 | 20230410130921.0 | ||
| 008 | 810828s2004 ck 000 1 spa | ||
| 035 | _9(DLC) 81128120 | ||
| 035 | _a3737894 | ||
| 010 | _a81128120 | ||
| 020 | _a9684292546 | ||
| 020 | _a9587041720 | ||
| 040 |
_aDLC _cDLC _dDLC |
||
| 041 | _aES | ||
| 049 | _aGRAL | ||
| 050 | 1 | 4 |
_aPQ 7797 _bC827q 2004 |
| 082 | 0 | 0 | _a863 |
| 100 | 1 |
_aCortázar, Julio, _d1914-1984. |
|
| 245 | 1 | 0 |
_aQueremos tanto a Glenda / _cJulio Cortázar. |
| 250 | _a1a ed. Colombiana. | ||
| 260 |
_a[Colombia] : _bAlfaguara, _c2004 |
||
| 300 |
_a166p. ; _c20 cm. |
||
| 490 | 0 | _aBiblioteca Cortázar. | |
| 505 | 0 | _aOrientación de los gatos -- Queremos tanto a Glenda -- Historia con migalas -- Texto en una libreta -- Recortes de prensa -- Tango de vuelta -- Clone -- Grafitti -- Historias que me cuento -- Anillo de Moebius. | |
| 942 |
_2lcc _cbk |
||
| 999 |
_c82701 _d82701 |
||